00386nam a2200121Ia 4500008004100000020002200041041000800063082003000071100002900101245007400130260005100204300000900255230411s9999 xx 000 0 und d a978-81-239-1746-7 aeng aP/610.7365/GLA/AYL/B05784 aGlasper A & Aylott M Ed. aFundamental Aspects of Childrens and Young Peoples Nursing Procedures bCBS Publishers & DistributorsaNew Delhic2009 a434p